000 00294nam a22001217a 4500
008 181123b xxu||||| |||| 00| 0 eng d
041 _aeng
080 _a043.3
100 _a0
101 _aBTH-ARK
245 _aTeater i Drames (dhe salle e ekspozitave) Prishtine
_cKqiku, A
942 _2udc
_cBK
999 _c52428
_d52428